Sesión necrológica en memoria del Excmo. señor Juan Martínez Añíbarro presidente de la Sección de Intereses económicos : (Record no. 185426)

MARC details
000 -LEADER
campo de control de longitud fija 00630nam a2200157 i 4500
001 - NÚMERO DE CONTROL
campo de control 185426
003 - IDENTIFICADOR DE NÚMERO DE CONTROL
campo de control ES-MaACL
005 - FECHA Y HORA DE LA ÚLTIMA TRANSACCIÓN
campo de control 20230906222430.0
008 - DATOS DE LONGITUD FIJA--INFORMACIÓN GENERAL
campo de control de longitud fija 160602s1919 sp |||| | spa d
245 00 - MENCIÓN DEL TÍTULO
Título Sesión necrológica en memoria del Excmo. señor Juan Martínez Añíbarro presidente de la Sección de Intereses económicos :
Resto del título 5 abril 1919.
260 ## - PUBLICACIÓN, DISTRIBUCIÓN, ETC.
Lugar de publicación, distribución, etc. Madrid :
Nombre del editor, distribuidor, etc. Real Sociedad Económica Matritense de Amigos del País,
Fecha de publicación, distribución, etc. 1919.
300 ## - DESCRIPCIÓN FÍSICA
Extensión 40 p. ;
Dimensiones 24 cm.
600 04 - PUNTO DE ACCESO ADICIONAL DE MATERIA--NOMBRE DE PERSONA
Nombre de persona Martínez Añibarro, Juan.
9 (RLIN) 77860
710 2# - ENTRADA AGREGADA--NOMBRE DE ENTIDAD CORPORATIVA
Nombre de entidad corporativa o nombre de jurisdicción como elemento de entrada Real Sociedad Económica Matritense de Amigos del País.
9 (RLIN) 6389
852 ## - LOCALIZACIÓN
Ubicación ES-MaACL
Número de control de estantería 1572-F-25
Holdings
Estatus retirado Estado de pérdida Estado de daño No para préstamo Colección Biblioteca de origen Biblioteca actual Ubicación en estantería Fecha de adquisición Fuente de adquisición Total de préstamos Signatura topográfica completa Código de barras Visto por última vez Precio de reemplazo Tipo de ítem Koha
        Colección de folletos Biblioteca del Ateneo de Madrid Biblioteca del Ateneo de Madrid Depósito folletos 02/06/2016     1572-F-25 1195354 23/02/2023 23/02/2023 Folleto